Chargement en cours…

From Kung Fu to Hip Hop : Globalization, Revolution, and Popular Culture /

Détails bibliographiques
Cote:Libro Electrónico
Auteur principal: Kato, M. T., 1961-
Format: Électronique eBook
Langue:Inglés
Publié: Albany : State University of New York Press, 2007.
Collection:Book collections on Project MUSE.
Sujets:
Accès en ligne:Texto completo

MARC

LEADER 00000cam a22000004a 4500
001 musev2_5151
003 MdBmJHUP
005 20230905040622.0
006 m o d
007 cr||||||||nn|n
008 060328s2007 nyu o 00 0 eng d
010 |z  2006010146 
020 |a 9780791480632 
020 |z 0791469913 
020 |z 9780791469910 
035 |a (OCoLC)137600914 
040 |a MdBmJHUP  |c MdBmJHUP 
050 0 4 |a CB430  |b .K38 2007 
082 0 |a 306.4  |2 22 
100 1 |a Kato, M. T.,  |d 1961- 
245 1 0 |a From Kung Fu to Hip Hop :   |b Globalization, Revolution, and Popular Culture /   |c M.T. Kato. 
264 1 |a Albany :  |b State University of New York Press,  |c 2007. 
264 3 |a Baltimore, Md. :  |b Project MUSE,   |c 2012 
264 4 |c ©2007. 
300 |a 1 online resource (281 pages):   |b ill. ; 
336 |a text  |b txt  |2 rdacontent 
337 |a computer  |b c  |2 rdamedia 
338 |a online resource  |b cr  |2 rdacarrier 
504 |a Includes bibliographical references (p. 247-260) and index. 
505 0 |a Introduction : on popular cultural revolution -- Kung fu cultural revolution and Japanese imperialism -- Burning Asia : Bruce Lee's kinetic narrarive of decolonization -- Mutiny in the global village : Bruce Lee meets Jimi Hendrix -- Enter the dragon, power, and subversion in the world of transnational capital -- Game of death and hip hop aesthetics : globalization of popular cultural revolution -- Conclusion : from possibility to actualization of another world. 
588 |a Description based on print version record. 
650 0 |a Globalization. 
650 0 |a Hip-hop. 
650 0 |a Kung fu. 
650 0 |a Mass media  |x Social aspects. 
650 0 |a Mass media and culture. 
650 0 |a Popular culture. 
600 1 0 |a Hendrix, Jimi. 
600 1 0 |a Lee, Bruce,  |d 1940-1973. 
655 7 |a Electronic books.   |2 local 
710 2 |a Project Muse.  |e distributor 
830 0 |a Book collections on Project MUSE. 
856 4 0 |z Texto completo  |u https://projectmuse.uam.elogim.com/book/5151/ 
945 |a Project MUSE - Custom Collection 
945 |a Project MUSE - Archive Complete Foundation 
945 |a Project MUSE - Archive Global Cultural Studies Foundation